[Event "Amber Blindfold"]
[Site "Monaco MNC"]
[Date "2006.03.24"]
[Round "6"]
[White "Grischuk, Alexander"]
[Black "Topalov, Veselin"]
[Result "1/2-1/2"]
[WhiteElo "2717"]
[BlackElo "2801"]
[EventDate "2006.03.18"]

1.e4 c5 2.Cf3 d6 3.d4 cxd4 4.Cxd4 Cf6 5.Cc3 a6 6.f3 e5 7.Cb3 Fe6 8.Fe3 h5 
9.Dd2 Cbd7 10.a4 Tc8 11.a5 Txc3 12.Dxc3 d5 13.O-O-O Fe7 14.exd5 Cxd5 15.
Txd5 Fxd5 16.Fc4 Fxc4 17.Dxc4 Fg5 18.f4 exf4 19.Fxf4 O-O 20.Td1 Dc8 21.Dd4
Cc5 22.Cxc5 Fxf4+ 23.Rb1 Fxh2 24.Dd5 Dg4 25.Th1 Fc7 26.Dxh5 Dxh5 27.Txh5 
Fxa5 28.Cxa6 Fd8 29.Cc5 b6 30.Cd7 Te8 31.Te5 Txe5 32.Cxe5 f5 33.c3 Fc7 34.
Cf3 Rf7 35.Rc2 Rf6 36.Rd3 g5 37.b4 g4 38.Cd4 Fd6 39.Cb5 Fe7 40.Cd4 Ff8 41.
Cc6 Re6 42.Cd4+ Re5 43.Cc6+ Rf4 44.Cd4 Fd6 45.Ce2+ Re5 46.Cd4 f4 47.Cc6+ 
Rd5 48.Cd4 Ff8 49.c4+ Re5 50.Cc6+ Rd6 51.Cd4 Re5 52.Cc6+ Rd6 1/2-1/2

[Event "Amber Blindfold"]
[Site "Monaco MNC"]
[Date "2006.03.25"]
[Round "7"]
[White "Topalov, Veselin"]
[Black "Vallejo Pons, Francisco"]
[Result "0-1"]
[WhiteElo "2801"]
[BlackElo "2650"]
[EventDate "2006.03.18"]

1.e4 e5 2.Cf3 Cc6 3.Fb5 Cf6 4.O-O Cxe4 5.d4 a6 6.Fxc6 dxc6 7.De2 Ff5 8.Td1
De7 9.dxe5 Td8 10.Td4 Fg6 11.c3 Txd4 12.cxd4 Db4 13.De3 Fe7 14.b3 Da5 15.
Cfd2 Dd5 16.Fa3 Fg5 17.De1 Dxd4 18.Cxe4 Dxa1 19.e6 fxe6 20.Cec3 Fxb1 21.h4
Ff6 22.Cxb1 Rf7 23.g3 Td8 0-1

[Event "Amber Blindfold"]
[Site "Monaco MNC"]
[Date "2006.03.26"]
[Round "8"]
[White "Morozevich, Alexander"]
[Black "Topalov, Veselin"]
[Result "1-0"]
[WhiteElo "2721"]
[BlackElo "2801"]
[EventDate "2006.03.18"]

1.Cf3 Cf6 2.g3 b6 3.d4 Fb7 4.c4 e6 5.Fg2 Fb4+ 6.Fd2 a5 7.O-O O-O 8.Cc3 Te8
9.Tc1 d6 10.Fg5 Fxc3 11.Txc3 Cbd7 12.Te1 h6 13.Fc1 c5 14.b3 Dc7 15.Fb2 a4 
16.bxa4 Ta6 17.d5 exd5 18.cxd5 Tea8 19.Ch4 Txa4 20.a3 b5 21.Cf5 b4 22.axb4
Txb4 23.Tb3 Db6 24.Txb4 Dxb4 25.Db1 Tb8 26.Fa1 Fa8 27.Dc1 c4 28.Fc3 Db3 
29.Da1 Rh7 30.Cd4 Db6 31.Cc6 Te8 32.Tb1 Dc7 33.Da6 Ce5 34.Cxe5 dxe5 35.e4 
Tb8 36.Txb8 Dxb8 37.Dxc4 Db1+ 38.Df1 Dc2 39.De1 Cd7 40.h4 Fb7 41.Dd2 Db1+ 
42.Rh2 Fa6 43.Db2 Dxb2 44.Fxb2 f6 45.Fa3 g5 46.Fh3 Fb5 47.h5 Rg7 48.f3 Cb6
49.Rg1 Fe8 50.Fg4 Fd7 51.Fxd7 Cxd7 52.Rf2 Rf7 53.Re2 Re8 54.Rd3 Rd8 55.Rc4
Re8 56.Rb5 1-0

[Event "Amber Blindfold"]
[Site "Monaco MNC"]
[Date "2006.03.28"]
[Round "9"]
[White "Topalov, Veselin"]
[Black "Svidler, Peter"]
[Result "0-1"]
[WhiteElo "2801"]
[BlackElo "2765"]
[EventDate "2006.03.18"]

1.d4 Cf6 2.c4 g6 3.Cc3 Fg7 4.e4 d6 5.Cf3 O-O 6.Fe2 e5 7.O-O Ca6 8.Te1 c6 
9.Ff1 exd4 10.Cxd4 Cg4 11.h3 Db6 12.hxg4 Dxd4 13.g5 Dxd1 14.Txd1 Cc5 15.f3
Fe5 16.Fe3 a5 17.Td2 a4 18.Tc1 a3 19.b4 Ca4 20.Cd1 Fe6 21.Fd4 Ff4 22.Fe3 
Fe5 23.Fd4 Tfd8 24.Rf2 c5 25.Fxe5 dxe5 26.Txd8+ Txd8 27.Re1 cxb4 28.Tb1 
Cc3 29.Cxc3 bxc3 30.Td1 Td4 31.Fe2 Rf8 32.Tc1 Td2 33.Txc3 Txa2 34.Tb3 
Txe2+ 0-1

[Event "Amber Blindfold"]
[Site "Monaco MNC"]
[Date "2006.03.29"]
[Round "10"]
[White "Gelfand, Boris"]
[Black "Topalov, Veselin"]
[Result "1/2-1/2"]
[WhiteElo "2723"]
[BlackElo "2801"]
[EventDate "2006.03.18"]

1.d4 Cf6 2.c4 e6 3.Cc3 Fb4 4.e3 O-O 5.Fd3 c5 6.Ce2 cxd4 7.exd4 d5 8.cxd5 
Cxd5 9.O-O Cc6 10.Dc2 h6 11.Td1 Fd6 12.Fe4 Cce7 13.Db3 Cf6 14.Ff3 a6 15.
Ff4 Fxf4 16.Cxf4 Dd6 17.Ch5 Cxh5 18.Fxh5 Fd7 19.Dxb7 Tab8 20.Da7 Txb2 21.
Ce4 Cc8 22.Cxd6 Cxa7 23.Tdc1 Fc6 24.Cc4 Tbb8 25.Ce5 Fe8 26.a4 Cc8 27.Fe2 
a5 28.Tc5 Cb6 29.Tb1 Fxa4 30.Txa5 Cc4 31.Txb8 Cxa5 32.Tb4 Fc2 33.Ff3 Tc8 
34.h4 f6 35.Cd7 Cc6 36.Tc4 Ce7 37.Txc8+ 1/2-1/2

[Event "Amber Blindfold"]
[Site "Monaco MNC"]
[Date "2006.03.30"]
[Round "11"]
[White "Topalov, Veselin"]
[Black "Anand, Viswanathan"]
[Result "1/2-1/2"]
[WhiteElo "2801"]
[BlackElo "2792"]
[EventDate "2006.03.18"]

1.e4 e5 2.Cf3 Cc6 3.Fb5 a6 4.Fa4 Cf6 5.O-O Fe7 6.Te1 b5 7.Fb3 O-O 8.h3 Fb7
9.d3 Te8 10.a4 h6 11.c3 Fc5 12.Cbd2 Fb6 13.Fa2 Tf8 14.Cf1 d6 15.Cg3 Ce7 
16.Ch4 Rh7 17.Df3 bxa4 18.Fb1 Fc6 19.Fc2 a5 20.Td1 De8 21.Chf5 Cfg8 22.d4 
Cxf5 23.Dxf5+ g6 24.Dg4 Fd7 25.Df3 Fc6 26.h4 f5 27.h5 fxe4 28.Dg4 d5 29.
Fe3 g5 30.c4 exd4 31.Txd4 Cf6 32.De2 Fxd4 33.Fxd4 Tb8 34.Te1 Tb4 35.Fxf6 
Txf6 36.cxd5 Fxd5 37.Fxe4+ Fxe4 38.Cxe4 1/2-1/2

[Event "Match"]
[Site "Bucharest ROM"]
[Date "2006.04.06"]
[Round "1"]
[White "Nisipeanu, Liviu-Dieter"]
[Black "Topalov, Veselin"]
[Result "1/2-1/2"]
[WhiteElo "2693"]
[BlackElo "2801"]
[EventDate "2006.04.06"]

1.e4 e5 2.Cf3 Cc6 3.Fb5 Cf6 4.O-O Cxe4 5.d4 Cd6 6.Fxc6 dxc6 7.dxe5 Cf5 8.
Dxd8+ Rxd8 9.Cc3 Ce7 10.Ce4 h6 11.Cd4 b6 12.Td1 Re8 13.Ff4 Cg6 14.Fg3 Fb7 
15.f4 a6 16.f5 c5 17.fxg6 cxd4 18.Txd4 fxg6 19.e6 Td8 20.Tad1 Txd4 21.Txd4
Fxe4 22.Txe4 Fc5+ 23.Rf1 Tf8+ 24.Re1 Fd6 25.Fxd6 cxd6 1/2-1/2

[Event "Match"]
[Site "Bucharest ROM"]
[Date "2006.04.07"]
[Round "2"]
[White "Topalov, Veselin"]
[Black "Nisipeanu, Liviu-Dieter"]
[Result "1-0"]
[WhiteElo "2801"]
[BlackElo "2693"]
[EventDate "2006.04.06"]

1.d4 Cf6 2.c4 e6 3.Cf3 d5 4.Cc3 Fe7 5.Ff4 c5 6.dxc5 Ca6 7.cxd5 Cxd5 8.Cxd5
exd5 9.e4 O-O 10.exd5 Fxc5 11.Fe2 Fb4+ 12.Rf1 Fd6 13.Fg5 Da5 14.a3 Cc7 15.
Fc4 b5 16.b4 Db6 17.Fb3 a5 18.Fe3 Db7 19.Fc5 Fxc5 20.bxc5 a4 21.Fa2 b4 22.
axb4 Dxb4 23.Dd4 Ca6 24.c6 Dxd4 25.Cxd4 Cb4 26.Re2 Cxa2 27.Txa2 Fa6+ 28.
Rd2 Fc4 29.Ta3 Fxd5 30.c7 Fe6 31.Cb5 Fd7 32.Cd6 g6 33.Tc1 Rg7 34.Tc4 Ta6 
35.Td4 Ta7 36.Ce8+ Txe8 37.Txd7 Taa8 38.Rc3 Rf6 39.Rb4 Re6 40.Td4 Re5 41.
Tc4 Tec8 42.Rb5 Rd5 43.Tc2 1-0

[Event "Match"]
[Site "Bucharest ROM"]
[Date "2006.04.08"]
[Round "3"]
[White "Nisipeanu, Liviu-Dieter"]
[Black "Topalov, Veselin"]
[Result "1/2-1/2"]
[WhiteElo "2693"]
[BlackElo "2801"]
[EventDate "2006.04.06"]

1.e4 c5 2.Cf3 d6 3.d4 cxd4 4.Cxd4 Cf6 5.Cc3 a6 6.Fe3 e5 7.Cde2 Cbd7 8.Cg3 
g6 9.a4 Dc7 10.Dd3 Cc5 11.Dc4 Fe6 12.Cd5 Fxd5 13.exd5 Tc8 14.b4 Ccd7 15.
Dxc7 Txc7 16.c4 h5 17.f3 a5 18.bxa5 Fh6 19.Fb6 Cxb6 20.axb6 Tc5 21.Fd3 Fe3
22.a5 Fd4 23.Ta3 Txa5 24.Txa5 Fc3+ 25.Re2 Fxa5 26.Tb1 Cd7 27.Ce4 Re7 28.c5
Cxc5 29.Cxc5 dxc5 30.Ta1 Fxb6 31.Tb1 Fc7 32.Txb7 Rd6 33.Ta7 Tb8 34.Fc4 f5 
35.Rd3 Tb4 36.Ta6+ Fb6 37.Rc3 e4 38.fxe4 fxe4 39.Ta8 Rd7 40.Tg8 Fa5 41.
Tg7+ Rc8 42.Tg8+ Rc7 43.Ta8 Ta4+ 44.Rb3 Tb4+ 45.Rc3 Ta4+ 46.Rb3 1/2-1/2

[Event "Match"]
[Site "Bucharest ROM"]
[Date "2006.04.09"]
[Round "4"]
[White "Topalov, Veselin"]
[Black "Nisipeanu, Liviu-Dieter"]
[Result "1-0"]
[WhiteElo "2801"]
[BlackElo "2693"]
[EventDate "2006.04.06"]

1.e4 c5 2.Cf3 d6 3.d4 cxd4 4.Cxd4 Cf6 5.Cc3 Cc6 6.Fg5 e6 7.Dd2 Fe7 8.O-O-O
O-O 9.f4 Cxd4 10.Dxd4 Da5 11.h4 e5 12.De3 exf4 13.Fxf4 Fe6 14.Fxd6 Fxd6 
15.Txd6 Tac8 16.a3 Tc6 17.Txc6 bxc6 18.Fe2 Cd7 19.Td1 Dc7 20.g3 Tb8 21.Dd4
Dxg3 22.Dxa7 Cf6 23.Rb1 h5 24.a4 Fg4 25.Fxg4 hxg4 26.Dd4 Dxh4 27.e5 Cd5 
28.Cxd5 cxd5 29.Tg1 Dh2 30.Txg4 Tc8 31.Txg7+ Rh8 32.Tg4 Tc4 33.Dd1 Txg4 
34.Dxg4 Dxe5 35.c3 Rh7 36.Dd4 De6 37.a5 f5 38.b4 De2 39.Dxd5 Rg6 40.Dd6+ 
Rg5 41.a6 f4 42.Dc5+ Rg4 43.a7 1-0

[Event "It"]
[Site "Dortmund GER"]
[Date "2005.07.08"]
[Round "1"]
[White "Adams, Michael"]
[Black "Topalov, Veselin"]
[Result "1-0"]
[WhiteElo "2719"]
[BlackElo "2788"]
[EventDate "2005.07.07"]

1.e4 e5 2.Cf3 Cf6 3.d4 Cxe4 4.Fd3 d5 5.Cxe5 Cd7 6.Cxd7 Fxd7 7.O-O Fd6 8.
Cc3 Cxc3 9.bxc3 O-O 10.Dh5 f5 11.Te1 c6 12.Fg5 Dc7 13.c4 Fe8 14.Dh3 h6 15.
Fd2 Df7 16.c5 Fc7 17.Tab1 Dd7 18.Df3 Fg6 19.h4 Df7 20.Ff4 Fa5 21.Tec1 Fh5 
22.Dg3 b5 23.cxb6 Fxb6 24.c3 Rh7 25.Fe5 Dg6 26.Df4 Tae8 27.Te1 Rg8 28.f3 
Df7 29.Fd6 Txe1+ 30.Txe1 Te8 31.Txe8+ Dxe8 32.Fe5 Fg6 33.Fxf5 Df7 34.Fc8 
Dxf4 35.Fxf4 Fa5 36.Fb8 a6 37.Fxa6 Fb1 38.a3 Fxc3 39.Fa7 Fc2 40.h5 Rf7 41.
Rf2 Fb2 42.Fc5 Fc1 43.Re1 Ff4 44.Fe2 Fb3 45.g4 Fa4 46.Fd1 Fg3+ 47.Re2 Fb5+
48.Re3 Fc7 49.a4 Fc4 50.Fb4 Fh2 51.Rf2 g6 52.hxg6+ Rxg6 53.Fe2 Fg1+ 54.
Rxg1 Fxe2 55.Rf2 1-0

[Event "It"]
[Site "Dortmund GER"]
[Date "2005.07.09"]
[Round "2"]
[White "Topalov, Veselin"]
[Black "Naiditsch, Arkadij"]
[Result "1-0"]
[WhiteElo "2788"]
[BlackElo "2612"]
[EventDate "2005.07.07"]

1.Cf3 Cf6 2.c4 e6 3.Cc3 d5 4.d4 dxc4 5.e4 Fb4 6.Fg5 c5 7.e5 cxd4 8.Cxd4 
Fxc3+ 9.bxc3 Da5 10.exf6 Dxg5 11.fxg7 Dxg7 12.Dd2 O-O 13.Fxc4 a6 14.O-O 
Td8 15.Df4 b5 16.Dc7 Df8 17.Fd3 Td7 18.Df4 Fb7 19.Tae1 Dg7 20.Fe4 Rh8 21.
Te3 Fxe4 22.Dxe4 Td5 23.Cxe6 fxe6 24.Dxe6 Td7 25.Tg3 Df8 26.Te1 Taa7 27.
Df6+ 1-0

[Event "It"]
[Site "Dortmund GER"]
[Date "2005.07.10"]
[Round "3"]
[White "Kramnik, Vladimir"]
[Black "Topalov, Veselin"]
[Result "1-0"]
[WhiteElo "2744"]
[BlackElo "2788"]
[EventDate "2005.07.07"]

1.d4 Cf6 2.c4 e6 3.Cf3 d5 4.g3 Fb4+ 5.Fd2 Fe7 6.Fg2 O-O 7.O-O c6 8.Ff4 b6 
9.Cc3 Fa6 10.cxd5 cxd5 11.Tc1 Cc6 12.Cxd5 Dxd5 13.Ce5 Cxd4 14.Fxd5 Cxe2+ 
15.Dxe2 Fxe2 16.Fxa8 Txa8 17.Tfe1 Fb5 18.Tc2 Cd5 19.Tec1 Fa6 20.Fd2 f6 21.
Cc4 Td8 22.a3 Rf7 23.Ce3 h5 24.Cxd5 Txd5 25.Fb4 Fd8 26.Tc6 Fe2 27.Td6 Txd6
28.Fxd6 Re8 29.Fb8 a5 30.Fc7 Ff3 31.Tc3 Fd5 32.f4 Rd7 33.Fxd8 Rxd8 34.Rf2 
Rd7 35.Re3 e5 36.fxe5 fxe5 37.Tc1 a4 38.Tf1 Re6 39.Tf8 b5 40.Tg8 Rf6 41.
Tb8 1-0

[Event "It"]
[Site "Dortmund GER"]
[Date "2005.07.11"]
[Round "4"]
[White "Topalov, Veselin"]
[Black "Nielsen, Peter Heine"]
[Result "1/2-1/2"]
[WhiteElo "2788"]
[BlackElo "2668"]
[EventDate "2005.07.07"]

1.d4 Cf6 2.c4 e6 3.Cf3 d5 4.Cc3 Fe7 5.Fg5 Cbd7 6.e3 O-O 7.Tc1 a6 8.c5 c6 
9.Fd3 e5 10.dxe5 Ce8 11.Fxe7 Dxe7 12.Dc2 h6 13.e4 Cxe5 14.Cxe5 Dxe5 15.O-O
dxe4 16.Cxe4 Cf6 17.Tfe1 Cxe4 18.Txe4 Dc7 19.Tce1 Fe6 20.Dc3 Tad8 21.T1e3 
Ff5 22.Te7 Td7 23.Tg3 g6 24.Txd7 Dxd7 25.Te3 Fxd3 26.Txd3 De6 27.a3 Te8 
28.g3 h5 29.Dd4 Dh3 30.Td1 Df5 31.h4 Df3 32.Tf1 Te2 33.Db4 Te7 34.Te1 
1/2-1/2

[Event "It"]
[Site "Dortmund GER"]
[Date "2005.07.12"]
[Round "5"]
[White "Bacrot, Etienne"]
[Black "Topalov, Veselin"]
[Result "1/2-1/2"]
[WhiteElo "2729"]
[BlackElo "2788"]
[EventDate "2005.07.07"]

1.d4 Cf6 2.c4 c5 3.d5 g6 4.Cc3 d6 5.e4 Fg7 6.Cf3 O-O 7.h3 e6 8.Fd3 Ca6 9.
O-O Cc7 10.dxe6 Cxe6 11.Fe3 Cd7 12.Fe2 Ce5 13.Cxe5 dxe5 14.Dxd8 Txd8 15.
Fg4 h5 16.Fxe6 Fxe6 17.Cd5 b6 18.a4 f5 19.f3 Fxd5 20.cxd5 Ff8 21.Tfc1 Rf7 
22.Tc3 Tdc8 23.Tac1 Tc7 24.b4 Tac8 25.Tc4 Fd6 26.bxc5 Fxc5 27.Rf1 Fd6 28.
Txc7+ Txc7 29.Txc7+ Fxc7 30.a5 bxa5 31.Fxa7 Rf6 32.Re2 Fd6 33.Fe3 a4 34.
Rd3 Re7 35.Rc4 Rf6 36.Fd2 fxe4 37.fxe4 Ff8 38.Fa5 Rg5 39.g3 Rf6 40.Fc7 a3 
41.Rb3 Fc5 42.Fd8+ Rf7 43.Fg5 Ff2 44.g4 hxg4 45.hxg4 Re8 46.Ff6 Fd4 47.
Rxa3 Rd7 48.Rb4 Rd6 49.Fg7 Fe3 50.Rc4 Fc1 51.Ff8+ Rd7 52.Fc5 Rc7 53.Rd3 
Rd7 54.Fe3 Fa3 55.Fd2 Fc5 56.Rc4 Ff2 57.Fb4 Fe3 58.Fc3 Rd6 59.Rb5 Ff2 60.
Ra6 Fd4 61.Fa5 Rd7 62.Fb6 Fb2 63.Rb7 Fc3 64.Fc7 Fb2 65.Fb8 Fd4 66.Ra6 Rc8 
67.Fd6 Rd7 68.Ff8 Fc3 69.Rb5 Fb2 70.Fc5 Fc1 71.Rc4 Fd2 72.Fa3 Fe3 73.Fb4 
Fc1 74.d6 Rc6 75.d7 Rxd7 76.Rd5 Fg5 77.Rxe5 Fh4 78.Rd5 Fg5 79.e5 Fh4 80.
Fc5 Fg5 81.Ff2 Re7 82.e6 Re8 83.Re5 Re7 84.Fc5+ Re8 85.Re4 Rd8 86.Fd6 Re8 
87.Ff4 Ff6 88.Fe3 Re7 89.Rd5 Re8 90.Rd6 Rd8 91.Fd2 Re8 92.Ff4 Rd8 93.Fe5 
Fg5 1/2-1/2

[Event "It"]
[Site "Dortmund GER"]
[Date "2005.07.14"]
[Round "6"]
[White "Topalov, Veselin"]
[Black "Svidler, Peter"]
[Result "1/2-1/2"]
[WhiteElo "2788"]
[BlackElo "2738"]
[EventDate "2005.07.07"]

1.e4 c5 2.Cf3 Cc6 3.d4 cxd4 4.Cxd4 e6 5.Cc3 a6 6.Cxc6 bxc6 7.Fd3 d5 8.O-O 
Dc7 9.Te1 Fb7 10.Df3 Fd6 11.e5 Ff8 12.Ce2 Ce7 13.Cf4 g6 14.c4 Fg7 15.De2 
O-O 16.Fd2 dxc4 17.Fxc4 c5 18.Tac1 Tfd8 19.Cd3 Cf5 20.f3 Td4 21.Fg5 a5 22.
Df2 h5 23.b3 Db6 24.a4 Tc8 25.Tc3 Fd5 26.Fb5 Db8 27.Db2 c4 28.bxc4 Txd3 
29.Txd3 Txc4 30.Dd2 Tb4 31.f4 Ff8 32.Rh1 Db6 33.Tc1 Cd4 34.Df2 Da7 35.Fe8 
Fc5 36.Tdc3 Cb3 37.Txc5 Cxc1 38.Fxf7+ Rxf7 39.Txd5 Dxf2 40.Td7+ 1/2-1/2

[Event "It"]
[Site "Dortmund GER"]
[Date "2005.07.15"]
[Round "7"]
[White "Sutovsky, Emil"]
[Black "Topalov, Veselin"]
[Result "1/2-1/2"]
[WhiteElo "2674"]
[BlackElo "2788"]
[EventDate "2005.07.07"]

1.e4 c5 2.Cf3 e6 3.Cc3 Cc6 4.d4 cxd4 5.Cxd4 d6 6.Fe3 Cf6 7.f4 e5 8.Cf3 Cg4
9.Dd2 Cxe3 10.Dxe3 exf4 11.Dxf4 Fe7 12.O-O-O O-O 13.Cd5 Fe6 14.Rb1 Tc8 15.
g4 Fxd5 16.exd5 Ce5 17.Cxe5 dxe5 18.De4 Dd6 19.h4 g6 20.h5 Fg5 21.Dg2 Tc5 
22.Fd3 b5 23.Tdf1 Dxd5 24.Fe4 Dd6 25.hxg6 fxg6 26.Td1 De7 27.Dh3 Tf6 28.
Dxh7+ Dxh7 29.Td8+ Tf8 30.Txf8+ Rxf8 31.Txh7 Tc4 32.Fxg6 Txg4 33.a3 Fe3 
34.Fd3 b4 35.axb4 Txb4 36.c3 Tf4 37.Fc2 e4 38.Th8+ Re7 39.Th7+ Rf6 40.Th6+
Rf5 41.Th5+ Rg4 42.Te5 Rf3 43.Fd1+ Rf2 44.Fc2 Rf3 45.Fd1+ Rf2 1/2-1/2

[Event "It"]
[Site "Dortmund GER"]
[Date "2005.07.16"]
[Round "8"]
[White "Van Wely, Loek"]
[Black "Topalov, Veselin"]
[Result "0-1"]
[WhiteElo "2655"]
[BlackElo "2788"]
[EventDate "2005.07.07"]

1.d4 e6 2.e4 d5 3.e5 c5 4.c3 Cc6 5.Cf3 Fd7 6.a3 f6 7.Fd3 Dc7 8.Ff4 O-O-O 
9.O-O c4 10.Fc2 Db6 11.b3 cxb3 12.Fxb3 g5 13.Fe3 g4 14.Ce1 Ca5 15.Fc2 f5 
16.Cd3 Rb8 17.a4 Tc8 18.De2 Da6 19.De1 b6 20.Ca3 Fxa3 21.Txa3 Ce7 22.Cb4 
Db7 23.Fd3 Cc4 24.Fxc4 dxc4 25.a5 b5 26.a6 Da8 27.De2 Cd5 28.Cxd5 Dxd5 29.
f4 h5 30.Tb1 h4 31.Rf1 Fc6 32.Fg1 Ra8 33.Tb4 Tb8 34.Ta2 Tb6 35.Re1 h3 36.
g3 Tc8 37.Fe3 Fd7 38.Ta5 Dh1+ 39.Rd2 Fc6 40.Df2 Fd5 41.Dg1 De4 42.Rc1 Tcc6
43.Df2 Txa6 44.Taxb5 Ta1+ 45.Tb1 Txb1+ 46.Txb1 Ta6 47.Dd2 Dh1+ 0-1

[Event "It"]
[Site "Dortmund GER"]
[Date "2005.07.17"]
[Round "9"]
[White "Topalov, Veselin"]
[Black "Leko, Peter"]
[Result "1-0"]
[WhiteElo "2788"]
[BlackElo "2763"]
[EventDate "2005.07.07"]

1.e4 c5 2.Cf3 Cc6 3.d4 cxd4 4.Cxd4 Cf6 5.Cc3 e5 6.Cdb5 d6 7.Fg5 a6 8.Ca3 
b5 9.Cd5 Fe7 10.Fxf6 Fxf6 11.c3 O-O 12.Cc2 Tb8 13.h4 Fe7 14.a3 Fe6 15.Ccb4
Cxb4 16.axb4 Ta8 17.g3 Dd7 18.Fg2 Fd8 19.O-O Dc6 20.Ce3 a5 21.bxa5 Fxa5 
22.Cf5 Dd7 23.Dd2 Fc7 24.Ce3 Dc6 25.Cf5 Dd7 26.Dg5 f6 27.Dd2 d5 28.Ce3 d4 
29.cxd4 Dxd4 30.Dc2 Txa1 31.Txa1 Fb6 32.Td1 Dc5 33.De2 Fb3 34.Td3 Fc4 35.
Cxc4 Dxc4 36.b3 Db4 37.Fh3 Fd4 38.Rg2 g6 39.Fe6+ Rh8 40.h5 De7 41.Dg4 Te8 
42.Fd5 f5 43.Dh3 fxe4 44.Fxe4 gxh5 45.Dxh5 Tf8 46.Td2 Df7 47.Dh6 Dg7 48.
Dc6 b4 49.Dd6 Fc3 50.Ta2 Df6 51.Dc5 Rg7 52.Ta7+ Tf7 53.Fd5 Txa7 54.Dxa7+ 
Rf8 55.Dxh7 Fd4 56.Dc2 Fc3 57.Da2 Dd8 58.Fc4 Re7 59.Da7+ Dd7 60.Da8 Rd6 
61.Fd5 Rc5 62.Ff3 Rd6 63.Db8+ Re7 64.Da8 Dd8 65.De4 Dd7 66.Dh4+ Rd6 67.
Df6+ De6 68.Dd8+ Rc5 69.Da5+ Rd4 70.Da7+ Rd3 71.Da2 Rd4 72.Rf1 e4 73.Da7+ 
Re5 74.Dc7+ Rd4 75.Da7+ Re5 76.De3 Dxb3 77.Dxe4+ Rf6 78.Rg2 De6 79.Dd3 De5
80.Fd5 Df5 81.Fe4 Dc5 82.Fd5 Re5 83.De4+ Rd6 84.De6+ Rc7 85.f4 Dd6 86.De4 
Dd7 87.Rf3 Rd6 88.g4 Db5 89.De6+ Rc5 90.Re4 De2+ 91.Rf5 Dd3+ 92.Fe4 Dd8 
93.g5 Df8+ 94.Rg4 Dd6 95.Dxd6+ Rxd6 96.Fc2 Re7 97.Rh5 Rf7 98.Rh6 Rg8 99.f5
Rh8 100.Rg6 Fd4 101.f6 Fe3 102.Rf5 Rg8 103.Fb3+ Rh8 104.g6 Fh6 105.Re6 Fg7
106.fxg7+ 1-0

[Event "?"]
[Site "Madrid ESP"]
[Date "1996.??.??"]
[Round "8"]
[White "Adams, Michael"]
[Black "Topalov, Veselin"]
[Result "0-1"]
[WhiteElo "2660"]
[BlackElo "2700"]

1.d4 Cf6 2.Fg5 e6 3.e4 h6 4.Fxf6 Dxf6 5.Cc3 d6 6.Dd2 g5 7.O-O-O Fg7 8.g3 
Cc6 9.Cb5 Dd8 10.Ce2 a6 11.Cbc3 b5 12.Fg2 Fb7 13.f4 Ce7 14.h4 g4 15.h5 b4 
16.Cb1 a5 17.De3 O-O 18.Cd2 f5 19.Thg1 fxe4 20.Fxe4 Cf5 21.Db3 d5 22.Fxf5 
exf5 23.Tge1 Te8 24.Cf1 Fa6 25.Cg1 Fc4 26.Da4 Fxf1 27.Txf1 Te6 28.Db3 c6 
29.Tfe1 Txe1 30.Txe1 Fxd4 31.Ce2 De7 32.Rd1 Ff2 33.Tf1 Fc5 34.Dd3 Te8 35.
Te1 De6 36.c3 bxc3 37.bxc3 d4 38.cxd4 Fb4 39.d5 Dxd5 40.Dxd5+ cxd5 41.Tg1 
Te3 42.Cc1 d4 43.Cb3 a4 0-1

[Event "Hoogovens"]
[Site "Wijk aan Zee NED"]
[Date "1996.??.??"]
[Round "2"]
[White "Adams, Michael"]
[Black "Topalov, Veselin"]
[Result "1/2-1/2"]
[WhiteElo "2660"]
[BlackElo "2700"]

1.e4 c5 2.Cf3 d6 3.d4 cxd4 4.Cxd4 Cf6 5.Cc3 g6 6.Fe3 Fg7 7.f3 Cc6 8.Dd2 
O-O 9.O-O-O d5 10.De1 e6 11.h4 Dc7 12.h5 Cxh5 13.exd5 exd5 14.Cdb5 Dg3 15.
Ff2 Df4+ 16.Fe3 Df6 17.Txd5 Cf4 18.Td6 Fe6 19.Dd2 Ch5 20.Fg5 De5 21.g4 Cg3
22.Ff4 Cxf1 23.Txf1 Dc5 24.Fe3 Dc4 25.Th1 Cb4 26.Fd4 Cxa2+ 27.Cxa2 Dxa2 
28.Dh2 h5 29.Fxg7 Rxg7 30.De5+ Rg8 31.Cc3 Da1+ 32.Cb1 Fa2 33.Rd2 Tfe8 34.
Df6 Fxb1 35.Txh5 gxh5 36.Dg5+ Rf8 37.Dh6+ Re7 38.Df6+ Rf8 39.Dh8+ Re7 40.
Df6+ Rf8 41.Dh8+ 1/2-1/2

[Event "14. Ciudad de Linares"]
[Site "Linares ESP"]
[Date "1997.02.16"]
[Round "11"]
[White "Topalov, Veselin"]
[Black "Adams, Michael"]
[Result "1/2-1/2"]
[WhiteElo "2725"]
[BlackElo "2665"]

1.Cf3 Cf6 2.c4 e6 3.Cc3 d5 4.d4 c5 5.cxd5 cxd4 6.Dxd4 Cxd5 7.e4 Cxc3 8.
Dxc3 Cc6 9.a3 Fd7 10.Fe2 Tc8 11.O-O Ca5 12.De3 Fc5 13.Df4 Cb3 14.Dg3 Cxc1 
15.Taxc1 O-O 16.Ce5 f6 17.Cxd7 Dxd7 18.Db3 Rh8 19.Fc4 e5 20.Tfd1 De7 21.
Fe6 Tcd8 22.Fd5 b6 23.Dh3 Fd4 24.Td2 f5 25.Tdc2 Dg5 26.Dg3 Dh6 27.Tf1 g6 
28.Rh1 Tc8 29.Dd3 Tcd8 30.b4 Dh4 31.f3 fxe4 32.Fxe4 1/2-1/2

[Event "?"]
[Site "Dos Hermanas ESP"]
[Date "1999.04.14"]
[Round "7"]
[White "Adams, Michael"]
[Black "Topalov, Veselin"]
[Result "1/2-1/2"]
[WhiteElo "2716"]
[BlackElo "2700"]

1.e4 c5 2.Cc3 d6 3.g3 Cc6 4.Fg2 g6 5.d3 Fg7 6.Fe3 Cf6 7.h3 e5 8.Cge2 O-O 
9.O-O b5 10.Cxb5 Tb8 11.Cec3 a6 12.Ca3 Txb2 13.Cc4 Tb8 14.Fg5 h6 15.Fxf6 
Fxf6 16.Cd5 Fg7 17.Tb1 Txb1 18.Dxb1 Ca5 19.Db6 Cxc4 20.Dxd8 Txd8 21.dxc4 
Td7 22.Cb6 Tc7 23.Cxc8 Txc8 24.Tb1 Tc7 25.h4 Ta7 26.Fh3 Rf8 27.a4 a5 28.
Fc8 Ff6 29.Tb8 Rg7 30.Fb7 Fe7 31.Rg2 Ff6 32.Rh3 Fe7 33.Fd5 Ff6 34.Rg4 Fe7 
35.h5 g5 36.Rf5 Ff6 37.Tb5 Fd8 38.Fb7 Fe7 39.Tb2 Fd8 40.Tb1 Ff6 41.Fd5 Fd8
42.Tb3 Te7 43.Tb1 Fc7 44.Tb7 Fd8 45.Tb8 Fc7 46.Ta8 Fb6 47.f3 Fc7 48.Ta6 
Te8 49.Tc6 Te7 50.f4 gxf4 51.gxf4 exf4 52.Rxf4 Fd8 53.Tc8 Fc7 54.Ta8 Fb6 
55.Ta6 Fc7 56.Tc6 1/2-1/2

[Event "SuperGM"]
[Site "Sarajevo BIH"]
[Date "1999.05.18"]
[Round "2"]
[White "Topalov, Veselin"]
[Black "Adams, Michael"]
[Result "1-0"]
[WhiteElo "2700"]
[BlackElo "2716"]

1.Cf3 Cf6 2.c4 e6 3.Cc3 Fb4 4.Dc2 O-O 5.a3 Fxc3 6.Dxc3 b6 7.g3 Fb7 8.b4 d5
9.Fb2 dxc4 10.Dxc4 Fxf3 11.exf3 Dd5 12.Dxd5 Cxd5 13.Tc1 c6 14.Fc4 Td8 15.
h4 Ce7 16.h5 Cf5 17.Re2 a5 18.b5 c5 19.f4 Cd4+ 20.Rf1 Td6 21.Rg2 Cd7 22.a4
Td8 23.Tce1 Rf8 24.Fc3 Cf6 25.d3 h6 26.Td1 Cc2 27.Rf3 T6d7 28.Fb2 Cd5 29.
Td2 Cdb4 30.g4 Te8 31.Rg3 f6 32.Te2 Cd4 33.Te3 e5 34.fxe5 Txe5 35.Txe5 
fxe5 36.Te1 Te7 37.Fxd4 exd4 38.Txe7 Rxe7 39.Rf4 Cc2 40.Re5 Ca3 41.Fb3 Cb1
42.f4 Cd2 43.Fd5 Cf1 44.g5 Cg3 45.Ff3 Cf1 46.gxh6 gxh6 47.f5 Ce3 48.f6+ 
Rf7 49.Fe2 Cg2 50.Fg4 Ce3 51.Fe6+ Rf8 52.Fb3 Cg4+ 53.Rf5 Cf2 54.Fc4 Cd1 
55.Fb3 Cf2 56.Fc2 Rf7 57.Fb1 Rf8 58.Rg6 Cg4 59.Fa2 Ce5+ 60.Rxh6 Cxd3 61.
Rg5 1-0

[Event "Schachtage"]
[Site "Dortmund GER"]
[Date "1999.07.17"]
[Round "7"]
[White "Topalov, Veselin"]
[Black "Adams, Michael"]
[Result "0-1"]
[WhiteElo "2690"]
[BlackElo "2708"]

1.Cf3 Cf6 2.c4 e6 3.d4 b6 4.g3 Fa6 5.Cbd2 Fb4 6.Dc2 Fb7 7.Fg2 Fe4 8.Dd1 
Fxd2+ 9.Dxd2 O-O 10.O-O a5 11.b3 a4 12.Fa3 d6 13.Tfd1 Cbd7 14.Ff1 Te8 15.
Ch4 Fb7 16.f3 d5 17.Dc2 c5 18.Fb2 cxd4 19.Fxd4 Dc7 20.Tac1 e5 21.Ff2 axb3 
22.axb3 d4 23.Db2 Cc5 24.e3 dxe3 25.Fxe3 e4 26.Ff4 Dc8 27.fxe4 Cfxe4 28.
Fe5 f6 29.Fd4 Cg5 30.b4 Cce4 31.Fg2 Dg4 32.Db3 Rh8 33.Fxb6 Ch3+ 34.Fxh3 
Dxh3 35.c5 g5 36.c6 Fxc6 37.Txc6 gxh4 38.Fd4 hxg3 39.hxg3 Tg8 40.Td3 Tg6 
41.Txf6 Cxf6 42.Tf3 Tf8 43.b5 Th6 44.Dc3 Rg7 45.Fe5 Dh2+ 46.Rf1 Dh1+ 47.
Rf2 Th2+ 48.Re3 Dg1+ 49.Rf4 Db1 0-1

[Event "6. Magistral"]
[Site "Madrid ESP"]
[Date "1997.05.31"]
[Round "9"]
[White "Topalov, Veselin"]
[Black "Akopian, Vladimir"]
[Result "1/2-1/2"]
[WhiteElo "2725"]
[BlackElo "2655"]

1.e4 e5 2.Cf3 Cf6 3.Cxe5 d6 4.Cf3 Cxe4 5.d4 d5 6.Fd3 Fd6 7.O-O O-O 8.c4 c6
9.cxd5 cxd5 10.Cc3 Cxc3 11.bxc3 Fg4 12.Tb1 Cd7 13.h3 Fh5 14.Tb5 Cb6 15.c4 
Fxf3 16.Dxf3 dxc4 17.Fc2 Dd7 18.a4 g6 19.Fd2 c3 20.Fxc3 Tac8 21.Fe4 Tc4 
22.Tfb1 Tfc8 23.T5b3 Cxa4 24.Fd2 Txd4 25.Fe3 Txe4 26.Dxe4 Cc3 27.Txc3 
1/2-1/2

[Event "Olympiad (men)"]
[Site "Elista RUS"]
[Date "1998.10.09"]
[Round "10"]
[White "Almasi, Zoltan"]
[Black "Topalov, Veselin"]
[Result "1/2-1/2"]
[WhiteElo "2650"]
[BlackElo "2700"]
[EventDate "1998.09.29"]

1.e4 c5 2.Cf3 d6 3.d4 cxd4 4.Cxd4 Cf6 5.Cc3 a6 6.Fe3 Cg4 7.Fg5 h6 8.Fh4 g5
9.Fg3 Fg7 10.Fe2 h5 11.Fxg4 Fxg4 12.f3 Fd7 13.Ff2 Cc6 14.Dd2 Da5 15.Td1 
Tc8 16.O-O Cxd4 17.Fxd4 Fxd4+ 18.Dxd4 Dc5 19.Tf2 Dxd4 20.Txd4 Fe6 21.Cd5 
f6 22.Tfd2 b5 23.a4 h4 24.c3 Rf7 25.axb5 axb5 26.Tb4 Tc5 27.Ce3 Ta8 28.Rf2
Ta1 29.Td1 Ta2 30.Re1 Re8 31.g3 hxg3 32.hxg3 Rd7 1/2-1/2

[Event "Hoogovens"]
[Site "Wijk aan Zee NED"]
[Date "1996.??.??"]
[Round "12"]
[White "Topalov, Veselin"]
[Black "Anand, Viswanathan"]
[Result "1-0"]
[WhiteElo "2700"]
[BlackElo "2725"]

1.e4 c5 2.Cf3 d6 3.d4 cxd4 4.Cxd4 Cf6 5.Cc3 a6 6.Fc4 e6 7.Fb3 Cbd7 8.f4 
Cc5 9.e5 dxe5 10.fxe5 Cfd7 11.Ff4 b5 12.De2 Fb7 13.O-O-O Db6 14.Rb1 Fe7 
15.h4 O-O-O 16.a3 Cb8 17.Fe3 Cc6 18.Fa2 Cxd4 19.Fxd4 Dc6 20.Thf1 Thf8 21.
g3 Rb8 22.Tf4 f5 23.exf6 gxf6 24.b4 e5 25.bxc5 Txd4 26.Tfxd4 exd4 27.Dxe7 
Te8 28.Df7 1-0